Parasocial Relationships and the Psychological Well-Being of Social Media Followers (Record no. 85909)

MARC details
000 -LEADER
fixed length control field 01108nam a22002777a 4500
003 - CONTROL NUMBER IDENTIFIER
control field URS
005 - DATE AND TIME OF LATEST TRANSACTION
control field 20251023101949.0
008 - FIXED-LENGTH DATA ELEMENTS--GENERAL INFORMATION
fixed length control field 250904b ||||| |||| 00| 0 eng d
040 ## - CATALOGING SOURCE
Transcribing agency URS
245 ## - TITLE STATEMENT
Title Parasocial Relationships and the Psychological Well-Being of Social Media Followers
Remainder of title Anievas, Louise Rocel B. ... et al...
260 ## - PUBLICATION, DISTRIBUTION, ETC.
Date of publication, distribution, etc. November 2024
300 ## - PHYSICAL DESCRIPTION
Extent 77 pages.,;
Other physical details illustrations ;
Dimensions 28cm.
336 ## - CONTENT TYPE
Source rdacontent
Content type term text
337 ## - MEDIA TYPE
Source rdamedia
Media type term unmediated
338 ## - CARRIER TYPE
Source rdacarrier
Carrier type term volume
502 ## - DISSERTATION NOTE
Dissertation note Thesis
Degree type College of Science
Name of granting institution University of Rizal System-Morong
Year degree granted 2024
700 ## - ADDED ENTRY--PERSONAL NAME
Personal name Anievas, Louise Rocel B.
Relator term Author
700 ## - ADDED ENTRY--PERSONAL NAME
Personal name Fabricante, Julyn Alecs G.
Relator term Author
700 ## - ADDED ENTRY--PERSONAL NAME
Personal name Genio, Apollo Kenji T.
Relator term Author
700 ## - ADDED ENTRY--PERSONAL NAME
Personal name Junatas, Ma. Lorraine B.
Relator term Author
700 ## - ADDED ENTRY--PERSONAL NAME
Personal name San Jose, Ma. Angelica
Relator term Author
700 ## - ADDED ENTRY--PERSONAL NAME
Personal name Reymily Rose R. Sta Ana
Relator term Degree Supervisor
856 ## - ELECTRONIC LOCATION AND ACCESS
Materials specified Online Request for Student Unpublished Works
Uniform Resource Identifier <a href="https://forms.gle/7LqvGGkaDrUQqz429">https://forms.gle/7LqvGGkaDrUQqz429</a>
856 ## - ELECTRONIC LOCATION AND ACCESS
Uniform Resource Identifier <a href="https://drive.google.com/file/d/1xlJ76xrwpR-e4j7jjkL9PwbICOXB_BMr/view?usp=drive_link">https://drive.google.com/file/d/1xlJ76xrwpR-e4j7jjkL9PwbICOXB_BMr/view?usp=drive_link</a>
942 ## - ADDED ENTRY ELEMENTS (KOHA)
Source of classification or shelving scheme Library of Congress Classification
Koha item type Theses and dissertations
Holdings
Withdrawn status Source of classification or shelving scheme Damaged status Not for loan Collection code Home library Current library Date acquired Total Checkouts Barcode Date last seen Price effective from Koha item type
  Library of Congress Classification     Reference Morong College Library Morong College Library 09/04/2025   URSMOR-CL-7005 09/04/2025 09/04/2025 Theses and dissertations

University of Rizal System
Email us at univlibservices@urs.edu.ph

Visit our Website www.urs.edu.ph/library